Video Games by Year: 2008 - Statistics

General Stats
  • This quiz has been taken 121 times
  • The average score is 6 of 16
Answer Stats
Picture Answer % Correct
Metal Gear Solid 4: Guns of the Patriots
85%
Dead Space
77%
God of War: Chains of Olymus
62%
Left 4 Dead
60%
Gears of War 2
56%
Devil May Cry 4
48%
Persona 4
48%
Spore
41%
Braid
29%
World of Goo
26%
S.T.A.L.K.E.R.: Clear Sky
21%
Far Cry 2
15%
Silent Hill: Homecoming
8%
Penumbra: Black Plague
5%
Audiosurf
3%
Edna & Harvey: The Breakout
2%
No matching quizzes found
Score Distribution
Percent of People with Each Score
Percentile by Number Answered
Your Score History
You have not taken this quiz